000 00292nam a2200133 i 4500
001 bg
100 1 _aŻUK, T.
245 0 _aNaprawa maszyn rolniczych /
_cT. Żuk.
260 _aWarszawa,
_c1985.
040 _cBPK
041 _apol
942 _cKS
008 s pl f |000 0 pol
999 _c3098
_d3098
856 _uhttp://koha.tu.koszalin.pl/cgi-bin/koha/opac-detail.pl?biblionumber=3098
_yKatalog online BPK